LEADER 01243nam0 22002893i 450 001 SUN0118428 005 20181122111037.480 010 $d0.00 017 70$2N$a978-0-12-391858-1 100 $a20181122d2012 |0engc50 ba 101 $aeng 102 $aUS 105 $a|||| ||||| 200 1 $a*Nanomedicine$eInfectious Diseases, Immunotherapy, Diagnostics, Antifibrotics, Toxicology and Gene Medicine$fedited by Nejat Düzgüne? 205 $aSan Diego : Elsevier Academic, 2012 210 $aliv$d408 p.$cill. ; 24 cm 215 $aPubblicazione in formato elettronico 461 1$1001SUN0035886$12001 $a*Methods in enzymology$v509$1205 $aVol. 1(1955)-$1207 $aNew York : Academic, 1955-$1210 $avolumi$cill. ; 24 cm$1215 $aPeriodicità irregolare 620 $dSan Diego$3SUNL000041 702 1$aDuzgunes$b, Nejat$3SUNV017013 712 $aElsevier$3SUNV000127$4650 801 $aIT$bSOL$c20181203$gRICA 856 4 $uhttps://www.sciencedirect.com/bookseries/methods-in-enzymology/vol/509/suppl/C 912 $aSUN0118428 950 $aBIBLIOTECA CENTRO DI SERVIZIO SBA$d15CONS SBA EBOOK 2602 $e15EB 2602 20181122 996 $aNanomedicine$91142294 997 $aUNICAMPANIA